000 00411nam a2200145 a 4500
001 000048566
005 20201002061236.0
008 190329s2018 dr a r 000 spa d
020 _a9789945176544
040 _aDO-SdBNP
_bspa
_cBNPHU
245 0 _aLengua espaƱola 4 :
_bsecundaria.
260 _aSanto Domingo :
_bFundación SM,
_c2018.
300 _a255 p. :
_bil. ;
_c28 cm.
590 _aInventariado, 2019 / DG
999 _c48054
_d48054